000 00640nam a2200145Ia 4500
008 100415s9999 xx 000 0 und d
082 _b21691
_a574.909
100 _aBNHS
245 _aSeminar on wetland ecology and management. Keoladeo National Park, Bharatpur. 23-25 February 1990. Abstracts.
260 _aMUMBAI
_c1990
_bBOMBAY NATURAL HISTORY SOCIETY
365 _b1
630 _aSeminar on wetland ecology and management. Keoladeo National Park, Bharatpur. 23-25 February 1990. Abstracts.
730 _aSeminar on wetland ecology and management. Keoladeo National Park, Bharatpur. 23-25 February 1990. Abstracts.
942 _cBOOK
999 _c604573
_d604570